000 00353nam a22001337a 4500
003 SGT
020 _a9789352667543
082 _a200
_bA18S
100 _aशर्मा, हेमंत
245 _aअयोध्या का चश्मदीद
260 _bप्रभात प्रकाशन
_c2018
300 _a511
942 _2ddc
_cBK
999 _c31739
_d31739